A Venetian island : environement, history and change in Burano

Saved in:
Bibliographic Details
Main Author: Sciama, Lidia D.
Format: Book
Language:English
Published: New York : Berghahn Books, c2003.
Series:New directions in anthropology 8
Subjects:
Tags: Add Tag
No Tags, Be the first to tag this record!

MARC

LEADER 00000nam a2200000 a 4500
001 1/127513
008 231018s2003####nyu| ||| |||| ||eng||
020 |a 1571819207 
040 |a GR-MyUa  |b gre  |c GR-MyUa  |e AACR2 
041 0 |a eng 
082 7 |a 945.31   |2 (23) 
100 1 |a Sciama, Lidia D. 
245 1 2 |a A Venetian island :   |b environement, history and change in Burano /   |c Lidia D. Sciama.  
260 |a New York :   |b Berghahn Books,   |c c2003.  
300 |a 250 σ. :  |b εικ., πίν., χάρτες ;   |c 23 εκ.  
490 1 |a (New directions in anthropology ;   |v 8)  
504 |a Βιβλιογραφία : σ. 235-243. Ευρετήριο.  
651 0 |a Burano (Italy)  |x History. 
651 0 |a Burano (Italy)  |x Social life and customs. 
830 0 |a New directions in anthropology  |v 8 
852 |a INST  |b LESVOS  |e 20231018  |h 945.31 SCI  |p 005100065802  |q 005100065802  |t BK  |y 0 
970 |a Καμάτσου  |b Δέσποινα  |z 18-10-2023